[Event "Êîìàíäíîå ïåð-âî ÐÔ 2012 ã. ïî êëàññè÷åñêèì øàõìàòàì "]
[Site "Ðûáèíñê"]
[Date "2012.08.05"]
[Round "4.41"]
[White "Ñòóêîïèí Àíäðåé"]
[Black "Þôôà Äàíèèë"]
[Result "0-1"]
[WhiteElo "2503"]
[BlackElo "2354"]
[Annotator ""]
[Source ""]
[Remark ""]

1.c4 c5 2.Nf3 Nc6 3.Nc3 g6 4.d4 cxd4 5.Nxd4 Bg7 6.Nc2 Bxc3+ 7.bxc3
Nf6 8.f3 O-O 9.Bh6 Re8 10.e4 d6 11.Be2 Ne5 12.Ne3 Be6 13.f4 Nc6
14.Qc2 Qb6 15.f5 Bd7 16.Rb1 Qc7 17.g4 Ne5 18.g5 Nh5 19.Nd5 Qc5
20.Rxb7 Bc6 21.Rc7 Qa5 22.Rxc6 Nxc6 23.Bxh5 gxh5 24.O-O Qc5+
25.Kh1 Qxc4 26.Qg2 Ne5 27.f6 e6 28.Ne7+ Rxe7 29.fxe7 Re8 30.Rd1
Qxc3 31.Qf2 Ng4 32.Qe2 Rxe7 33.Rxd6 Re8 34.Qd2 Qa1+ 35.Kg2 Qe5
36.Kg1 Qxe4 37.Rd8 Qb1+ 38.Kg2 Qb7+ 39.Kf1 Qh1+ 40.Ke2 Qg2+ 41.Kd1
Ne3+ 0-1

[Event "Êîìàíäíîå ïåð-âî ÐÔ 2012 ã. ïî êëàññè÷åñêèì øàõìàòàì "]
[Site "Ðûáèíñê"]
[Date "2012.08.05"]
[Round "4.42"]
[White "Êîòëÿð Êèðèëë"]
[Black "Òèëè÷ååâ Âÿ÷åñëàâ"]
[Result "1/2-1/2"]
[WhiteElo "2292"]
[BlackElo "2416"]
[Annotator ""]
[Source ""]
[Remark ""]

1.e4 e5 2.Nf3 Nc6 3.Nc3 g6 4.d4 exd4 5.Nxd4 Bg7 6.Be3 Nge7 7.Qd2
O-O 8.O-O-O d5 9.exd5 Nxd5 10.Nxc6 bxc6 11.Bd4 Nxc3 12.Qxc3 Qg5+
13.Qe3 Qxe3+ 14.Bxe3 a5 15.a4 Be6 16.Be2 Bd5 17.Bf3 Bxf3 18.gxf3
Be5 19.h3 Bd6 20.Rd3 Rfe8 21.Rhd1 Re6 22.Rc3 Rf6 23.Bd4 Rf4 24.Rxc6
Rxf3 25.Rd3 Rxd3 26.cxd3 f5 27.Bc5 Bf4+ 28.Kc2 Kf7 29.b4 axb4
30.Kb3 g5 31.Bxb4 h5 32.Rc5 Ke6 33.a5 h4 34.f3 Bd6 35.Rb5 c6
36.Rb6 Kd5 37.Bxd6 Kxd6 38.Ka4 Kc7 39.Rb3 Rb8 40.Rc3 Rb1 41.Rc5
Rb5 42.Rc2 Kb7 43.Rg2 f4 44.Rc2 Re5 45.d4 Re3 46.Rc5 Rd3 47.Rxg5
Rxd4+ 48.Kb3 Rd3+ 49.Kc4 Rxf3 50.Kc5 Rxh3 51.Rg7+ Ka6 52.Kxc6
Rg3 53.Rh7 h3 54.Rh8 Kxa5 55.Kc5 Ka4 56.Kd4 Re3 57.Rh4 Rb3 58.Ke4
Rb4+ 59.Kf3 Rb3+ 60.Ke4 Kb5 61.Rh5+ Kc4 62.Kxf4 Kd4 63.Kg4 Ke4
64.Rxh3 Rxh3 65.Kxh3 1/2-1/2

[Event "Êîìàíäíîå ïåð-âî ÐÔ 2012 ã. ïî êëàññè÷åñêèì øàõìàòàì "]
[Site "Ðûáèíñê"]
[Date "2012.08.05"]
[Round "4.43"]
[White "Çàñüêî Ãðèãîðèé"]
[Black "Ïîïîâ Ìèõàèë"]
[Result "0-1"]
[WhiteElo "2120"]
[BlackElo "2186"]
[Annotator ""]
[Source ""]
[Remark ""]

1.Nf3 e6 2.g3 f5 3.Bg2 Nf6 4.O-O Be7 5.d3 O-O 6.Nbd2 Nc6 7.e4
fxe4 8.dxe4 d6 9.c3 Qe8 10.Qb3 Kh8 11.Re1 e5 12.Nf1 Qh5 13.Qc2
Bg4 14.N3d2 Rf7 15.Ne3 Raf8 16.f3 Bh3 17.Ndf1 Ng8 18.g4 Qh4 19.Ng3
g6 20.Rf1 Bxg2 21.Kxg2 Nd8 22.Nd5 Bg5 23.Bxg5 Qxg5 24.Qc1 Qh4
25.Qe1 c6 26.Ne3 Ne6 27.Ne2 Qh6 28.Nc4 Ng5 29.Ng1 b5 30.Nd2 Ne6
31.Nh3 Ne7 32.b4 g5 33.Qg3 Ng6 34.Rf2 Rf6 35.Kf1 Qg7 36.Ke2 Ngf4+
37.Nxf4 Nxf4+ 38.Kd1 Rh6 39.Kc2 Rh3 40.Qg1 Qc7 41.Nb3 c5 42.bxc5
dxc5 43.Rd1 c4 44.Nc1 Qa5 45.Rfd2 b4 46.Rd7 Qa4+ 47.Kb1 Qb5 48.a4
bxa3+ 0-1

[Event "Êîìàíäíîå ïåð-âî ÐÔ 2012 ã. ïî êëàññè÷åñêèì øàõìàòàì "]
[Site "Ðûáèíñê"]
[Date "2012.08.05"]
[Round "4.44"]
[White "Ñàçîíîâà Àíàñòàñèÿ"]
[Black "Ìîðîçîâà Þëèÿ"]
[Result "1-0"]
[WhiteElo "1993"]
[BlackElo "1902"]
[Annotator ""]
[Source ""]
[Remark ""]

1.e4 d6 2.d4 Nf6 3.Nc3 e5 4.Nge2 Nbd7 5.g3 g6 6.Bg2 Bg7 7.O-O
O-O 8.h3 c6 9.a4 Qc7 10.Be3 Nb6 11.b3 a5 12.Qd2 Be6 13.f4 exd4
14.Nxd4 d5 15.e5 Ne8 16.Qf2 Nc8 17.g4 Bd7 18.Qh4 f5 19.Nf3 b6
20.Nxd5 cxd5 21.Ng5 h6 22.Bxd5+ Kh8 23.Bxa8 Ne7 24.e6 Bc6 25.Nf7+
Kg8 26.Bxc6 Nxc6 27.Nxh6+ Bxh6 28.Qxh6 1-0

[Event "Êîìàíäíîå ïåð-âî ÐÔ 2012 ã. ïî êëàññè÷åñêèì øàõìàòàì "]
[Site "Ðûáèíñê"]
[Date "2012.08.05"]
[Round "4.51"]
[White "Ñàâèöêèé Ñåðãåé"]
[Black "Âàñåïöîâ Ìàêñèì"]
[Result "1-0"]
[WhiteElo "2368"]
[BlackElo "2240"]
[Annotator ""]
[Source ""]
[Remark ""]

1.Nf3 Nf6 2.g3 d5 3.Bg2 c5 4.O-O Nc6 5.d3 e5 6.Na3 Be7 7.e4 O-O
8.c3 h6 9.Qe2 Be6 10.exd5 Bxd5 11.Nc4 Re8 12.Ne3 Be6 13.Nd2 Qd7
14.Rd1 Rad8 15.Ne4 Nd5 16.Nxd5 Bxd5 17.Be3 b6 18.Qh5 Be6 19.h3
f5 20.Nd2 Bf6 21.Nc4 Bf7 22.Qe2 Nd4 23.Qf1 f4 24.cxd4 fxe3 25.dxc5
exf2+ 26.Qxf2 bxc5 27.Ne3 e4 28.dxe4 Bd4 29.Kh2 Bg6 30.Qc2 Qe6
31.Nf5 Bxf5 32.exf5 Qe2 33.Rac1 Qe5 34.b3 Be3 35.Rxd8 Rxd8 36.Re1
Re8 37.Qc4+ Kh8 38.Qf7 a5 39.h4 Qe7 40.Qg6 Qe5 41.Qf7 Qe7 42.Qh5
Qe5 43.Qf3 a4 44.bxa4 c4 45.a5 c3 46.a6 Qc5 47.f6 c2 48.Qc6 Qxc6
49.Bxc6 Rf8 50.Be4 Rxf6 51.Bxc2 Rf2+ 52.Kh3 Rxc2 53.Rxe3 Rxa2
54.Re6 Ra4 55.h5 Kg8 56.Rg6 Kf7 57.g4 Ra3+ 58.Kg2 Re3 59.Kf2
Re5 60.Kf3 Re1 61.Rb6 Ra1 62.Ke3 Rg1 63.a7 Ra1 64.Rb7+ Kf6 65.Kd4
g6 66.Rb6+ Kg7 67.Rb7+ Kf6 68.Kc5 gxh5 69.gxh5 Kg5 70.Rb5 1-0

[Event "Êîìàíäíîå ïåð-âî ÐÔ 2012 ã. ïî êëàññè÷åñêèì øàõìàòàì "]
[Site "Ðûáèíñê"]
[Date "2012.08.05"]
[Round "4.52"]
[White "Öâåòêîâ Ïàâåë"]
[Black "Ïðàíèçèí Ãåííàäèé"]
[Result "0-1"]
[WhiteElo "2170"]
[BlackElo "2153"]
[Annotator ""]
[Source ""]
[Remark ""]

1.e4 e5 2.Nf3 Nc6 3.Bb5 Nf6 4.O-O Nxe4 5.d4 Nd6 6.Bg5 Be7 7.Bxe7
Qxe7 8.Bxc6 dxc6 9.dxe5 Nf5 10.Qe2 Be6 11.Qe4 O-O-O 12.Nc3 g5
13.Rfd1 h5 14.Nd4 Nxd4 15.Rxd4 Rxd4 16.Qxd4 c5 17.Qe3 g4 18.a4
Kb8 19.Ne4 c4 20.Rd1 Rd8 21.Rd4 a6 22.c3 h4 23.Nf6 c5 24.Rd2
Qc7 25.Rxd8+ Qxd8 26.h3 Qd1+ 27.Kh2 gxh3 28.gxh3 Qd3 29.Ng4 Bd5
30.a5 Qf1 31.f3 Bxf3 0-1

[Event "Êîìàíäíîå ïåð-âî ÐÔ 2012 ã. ïî êëàññè÷åñêèì øàõìàòàì "]
[Site "Ðûáèíñê"]
[Date "2012.08.05"]
[Round "4.53"]
[White "Îðåõîâ Íèêîëàé "]
[Black "Èâàíîâ Ñòåïàí "]
[Result "1/2-1/2"]
[WhiteElo "2085"]
[BlackElo "2044"]
[Annotator ""]
[Source ""]
[Remark ""]

1.e4 c5 2.Nf3 d6 3.c3 Nc6 4.d4 cxd4 5.cxd4 g6 6.d5 Ne5 7.Nxe5
dxe5 8.Nc3 Nf6 9.Be2 Bg7 10.O-O O-O 11.Qb3 Ne8 12.Be3 Nd6 13.Rac1
Qa5 14.f3 Bd7 15.a4 f5 16.Bb5 Bxb5 17.axb5 Qc7 18.Na4 Qa5 19.Nc3
Qc7 20.Na4 Qa5 21.Nc3 Qc7 22.Qa4 1/2-1/2

[Event "Êîìàíäíîå ïåð-âî ÐÔ 2012 ã. ïî êëàññè÷åñêèì øàõìàòàì "]
[Site "Ðûáèíñê"]
[Date "2012.08.05"]
[Round "4.54"]
[White "Íàñûáóëèíà Àëüôèÿ"]
[Black "Ïàâëîâà Íàòàëüÿ"]
[Result "1-0"]
[WhiteElo "2064"]
[BlackElo "1726"]
[Annotator ""]
[Source ""]
[Remark ""]

1.d4 Nf6 2.Nf3 c5 3.d5 b5 4.Bg5 Ne4 5.Bf4 Bb7 6.Qd3 f5 7.Nc3
c4 8.Qd4 Qa5 9.e3 d6 10.Be2 Nd7 11.O-O Nxc3 12.bxc3 Nf6 13.a4
Bxd5 14.axb5 Qxb5 15.Rxa7 Rxa7 16.Qxa7 e5 17.Bg3 Ne4 18.Qa1 Qb7
19.Rb1 Qc7 20.Rb5 Bc6 21.Ra5 Nxg3 22.hxg3 Be7 23.Ra7 Qc8 24.Qa2
Bd5 25.Qa5 Qe6 26.Qc7 g6 27.Bxc4 Bxc4 28.Ra8+ Kf7 29.Rxh8 Kg7
30.Ng5 1-0

[Event "Êîìàíäíîå ïåð-âî ÐÔ 2012 ã. ïî êëàññè÷åñêèì øàõìàòàì "]
[Site "Ðûáèíñê"]
[Date "2012.08.05"]
[Round "4.61"]
[White "Ïàñèåâ Ðàõèì"]
[Black "Ôåäîñååâ Âëàäèìèð"]
[Result "1/2-1/2"]
[WhiteElo "2325"]
[BlackElo "2498"]
[Annotator ""]
[Source ""]
[Remark ""]

1.e4 e5 2.Nf3 Nc6 3.Bc4 Bc5 4.c3 Nf6 5.d3 d6 6.h3 h6 7.Nbd2 a6
8.Bb3 O-O 9.Nf1 Ba7 10.Ng3 Na5 11.Bc2 c5 12.Qe2 Nc6 13.Nh2 Ne7
14.Ng4 Ng6 15.Nf5 d5 16.g3 c4 17.dxc4 Nxe4 18.Bxe4 dxe4 19.Qxe4
Bd7 20.O-O Bc6 21.Qc2 e4 22.Qd2 Qc8 23.Nfxh6+ Kh7 24.Qg5 Qe6
25.Nf5 Bd7 26.Nh4 Nxh4 27.Qxh4+ Kg8 28.Bf4 f6 29.Rad1 Bc6 30.Qh5
Qxc4 31.Nh6+ gxh6 32.Qg6+ Kh8 33.Qxh6+ Kg8 34.Qg6+ Kh8 35.Qh6+
Kg8 36.Qg6+ Kh8 37.Qh6+ Kg8 38.Qg6+ Kh8 39.Qh6+ Kg8 40.Qg6+ Kh8 1/2-1/2

[Event "Êîìàíäíîå ïåð-âî ÐÔ 2012 ã. ïî êëàññè÷åñêèì øàõìàòàì "]
[Site "Ðûáèíñê"]
[Date "2012.08.05"]
[Round "4.62"]
[White "×èãàåâ Ìàêñèì"]
[Black "Êîð÷ìàðü Âàñèëèé"]
[Result "1/2-1/2"]
[WhiteElo "2462"]
[BlackElo "2234"]
[Annotator ""]
[Source ""]
[Remark ""]

1.e4 e5 2.Nf3 Nc6 3.Bb5 a6 4.Ba4 Nf6 5.O-O Be7 6.Re1 b5 7.Bb3
d6 8.c3 O-O 9.h3 Bb7 10.d4 Re8 11.Nbd2 Bf8 12.a4 h6 13.Bc2 exd4
14.cxd4 Nb4 15.Bb1 c5 16.d5 Nd7 17.Ra3 c4 18.Ree3 Rc8 19.axb5
axb5 20.Nd4 Qb6 21.Nf1 Nd3 22.Bxd3 Qxd4 23.Bc2 Qxd1 24.Bxd1 Nc5
25.Ra5 b4 26.Rb5 b3 27.Bd2 Ba8 28.Ng3 g6 29.Be2 Na4 30.Rb4 Nxb2
31.Bc3 Bg7 32.Bxb2 Bxb2 33.Rxc4 Rb8 34.Bd1 Bxd5 35.exd5 Rxe3
36.fxe3 Be5 37.Nf1 b2 38.Bc2 b1Q 39.Bxb1 Rxb1 40.Kf2 Rb2+ 41.Kf3 1/2-1/2

[Event "Êîìàíäíîå ïåð-âî ÐÔ 2012 ã. ïî êëàññè÷åñêèì øàõìàòàì "]
[Site "Ðûáèíñê"]
[Date "2012.08.05"]
[Round "4.63"]
[White "Åðàìÿí Ãàìëåò"]
[Black "Êóçüìèí Åãîð"]
[Result "0-1"]
[WhiteElo "2070"]
[BlackElo "1134"]
[Annotator ""]
[Source ""]
[Remark ""]

1.d4 Nf6 2.c4 c5 3.Nf3 g6 4.g3 Bg7 5.Bg2 O-O 6.O-O cxd4 7.Nxd4
Nc6 8.Nc3 d6 9.e3 Bg4 10.Qd2 Qd7 11.b3 Bh3 12.Bb2 Bxg2 13.Kxg2
d5 14.Nxc6 bxc6 15.cxd5 cxd5 16.Rfd1 Rfd8 17.Rac1 h5 18.h4 Qf5
19.Qd3 Qxd3 20.Rxd3 Ne4 21.Nxe4 Bxb2 22.Rb1 Bg7 23.Nc5 Rdc8 24.b4
e6 25.Rdb3 a5 26.Na4 Rc2 27.Nb6 Ra6 28.bxa5 Rxa2 29.Nd7 R6xa5
30.Rb8+ Kh7 31.R1b5 Rxb5 32.Rxb5 d4 33.Rb3 dxe3 34.Rxe3 Bd4 35.Rf3
Kg7 36.Nb8 Rc2 37.Na6 Rb2 38.Nc7 e5 39.Ne8+ Kf8 40.Nf6 Ke7 41.Ng8+
Ke8 42.Nf6+ Kd8 43.Kg1 Rc2 44.Kg2 Rc6 45.Kh3 Re6 46.Nxh5 gxh5
47.Rxf7 Ke8 48.Rf5 Ke7 49.Rxh5 Bxf2 50.Kg2 Bd4 51.Kf3 e4+ 52.Ke2
Kd6 53.g4 Rf6 54.Rh7 Rf2+ 55.Kd1 e3 56.h5 e2+ 57.Ke1 Rh2 0-1

[Event "Êîìàíäíîå ïåð-âî ÐÔ 2012 ã. ïî êëàññè÷åñêèì øàõìàòàì "]
[Site "Ðûáèíñê"]
[Date "2012.08.05"]
[Round "4.64"]
[White "Ôåäîñååâà Âàëåíòèíà "]
[Black "Òîìíèêîâà Ëèäèÿ "]
[Result "0-1"]
[WhiteElo "1957"]
[BlackElo "2068"]
[Annotator ""]
[Source ""]
[Remark ""]

1.e4 e5 2.Nf3 Nc6 3.Bb5 a6 4.Bxc6 dxc6 5.Nc3 Bd6 6.d4 exd4 7.Qxd4
f6 8.Be3 Ne7 9.O-O Ng6 10.Qc4 Qe7 11.Qb3 b5 12.Ne2 Be6 13.Qc3
Bc4 14.Qd2 Qxe4 15.b3 Bxe2 16.Qxe2 Nf4 17.Qd2 Nxg2 18.Kxg2 Qg4+
19.Kh1 Qxf3+ 20.Kg1 O-O-O 21.Qa5 Qg4+ 22.Kh1 Qh3 23.Qxa6+ Kd7
24.Bf4 Qf3+ 25.Kg1 Qxf4 0-1

[Event "Êîìàíäíîå ïåð-âî ÐÔ 2012 ã. ïî êëàññè÷åñêèì øàõìàòàì "]
[Site "Ðûáèíñê"]
[Date "2012.08.05"]
[Round "4.71"]
[White "Ìàðòûíîâ Ïàâåë "]
[Black "Ëåïêàñîâ Âëàäèñëàâ "]
[Result "1-0"]
[WhiteElo "2289"]
[BlackElo "2171"]
[Annotator ""]
[Source ""]
[Remark ""]

1.d4 Nf6 2.Nf3 g6 3.c4 Bg7 4.g3 O-O 5.Bg2 d6 6.O-O Nbd7 7.Nc3
e5 8.e4 exd4 9.Nxd4 Re8 10.h3 Nc5 11.Re1 a5 12.b3 Bd7 13.Rb1
h6 14.g4 Qc8 15.Bf4 h5 16.g5 Nh7 17.Kh2 Ne6 18.Nxe6 Bxc3 19.Re3
Bh8 20.Nd4 Nf8 21.Bg3 Qb8 22.f4 Qa7 23.Nc2 Bc6 24.h4 Nd7 25.Qe2
Re7 26.Qf1 Rae8 27.Rbe1 Qa8 28.b4 b6 29.a3 Rb8 30.Qd3 axb4 31.axb4
b5 32.Nd4 bxc4 33.Qxc4 Bxd4 34.Qxd4 Qa4 35.Rb1 Nc5 36.Be1 f6
37.Qxf6 Re6 38.Qd4 Kh7 39.Bc3 Re7 40.Ra1 Qc2 41.bxc5 Qf2 42.Qf6
Rd7 43.f5 Qf4+ 44.Kh1 gxf5 45.Qh6+ Kg8 46.Qh8+ Kf7 47.Qg7+ 1-0

[Event "Êîìàíäíîå ïåð-âî ÐÔ 2012 ã. ïî êëàññè÷åñêèì øàõìàòàì "]
[Site "Ðûáèíñê"]
[Date "2012.08.05"]
[Round "4.72"]
[White "Èïàòîâ Àëåêñàíäð "]
[Black "Ìàðêåâè÷ Èëüÿ "]
[Result "1-0"]
[WhiteElo "2159"]
[BlackElo "2210"]
[Annotator ""]
[Source ""]
[Remark ""]

1.e4 c5 2.Nf3 e6 3.d4 cxd4 4.Nxd4 Nc6 5.Nc3 Qc7 6.Be3 a6 7.Qd2
Nf6 8.O-O-O Bb4 9.f3 Ne7 10.Nde2 b5 11.g4 d5 12.a3 Bxc3 13.Nxc3
Bb7 14.g5 Nd7 15.Qf2 O-O 16.h4 Rfc8 17.h5 Nf8 18.g6 fxg6 19.h6
gxh6 20.Bxh6 Qe5 21.Qh4 Kf7 22.f4 Qh8 23.Bg5 Rc7 24.f5 exf5 25.exd5
Rd7 26.Bg2 Nc8 27.Rhe1 Nd6 28.Re7+ Rxe7 29.Bxe7 Nc4 30.Bd8 g5
31.Qxg5 Qe5 32.Qh5+ Kg8 33.Bg5 Ng6 34.Rh1 Qg7 35.Bh3 Bxd5 36.Rf1
Be4 37.Bxf5 Bxf5 38.Rxf5 Rf8 39.Qf3 Rxf5 40.Qxf5 Qf7 41.Qc8+
Kg7 42.Qxa6 Qf8 43.Nd1 Qf5 44.Qb7+ Kg8 45.Bh6 Qe5 46.Qc8+ Kf7
47.Qb7+ Ne7 48.Qf3+ Ke8 49.Bf4 Qf5 50.Nc3 h5 51.Qg3 Qe6 52.Bg5
Nc6 53.Nxb5 Qf5 54.Nc3 N6e5 55.Qf4 Qh3 56.Bf6 Qh1+ 57.Nd1 Qd5
58.b3 Qc5 59.bxc4 Nxc4 60.Bb2 Qd5 61.a4 h4 62.Qd4 Qg5+ 63.Kb1
Nd2+ 64.Ka2 h3 65.Qe5+ Qxe5 66.Bxe5 Nf3 67.Bg3 h2 68.Nf2 Kd7
69.Kb3 Kc6 70.Kb4 Ne1 71.Kb3 Nf3 72.c3 Kc5 73.Nh1 Kd5 74.Kb4
Kc6 75.c4 Kb6 76.c5+ Kc6 77.a5 Kb7 78.Kb5 Nd4+ 79.Kc4 Nf3 80.Kd5
Nd2 81.Bxh2 Nb3 82.c6+ Ka6 83.c7 Kb7 84.a6+ 1-0

[Event "Êîìàíäíîå ïåð-âî ÐÔ 2012 ã. ïî êëàññè÷åñêèì øàõìàòàì "]
[Site "Ðûáèíñê"]
[Date "2012.08.05"]
[Round "4.73"]
[White "Ãàíè÷åâ Àëåêñàíäð"]
[Black "Åðìîëàåâ Åâãåíèé "]
[Result "1/2-1/2"]
[WhiteElo "2122"]
[BlackElo "2161"]
[Annotator ""]
[Source ""]
[Remark ""]

1.e4 c5 2.Nf3 d6 3.d4 cxd4 4.Qxd4 Nc6 5.Bb5 Bd7 6.Bxc6 Bxc6 7.Nc3
Nf6 8.Bg5 Qb6 9.Qxb6 axb6 10.Nd2 e6 11.O-O b5 12.a3 Be7 13.Rfe1
h6 14.Be3 O-O 15.f3 Nd7 16.Nb3 Ne5 17.Rad1 Nc4 18.Bc1 Bf6 19.Nd4
Rfc8 20.Na2 Be8 21.Nb4 Na5 22.c3 Be7 23.Nd3 Rc4 24.f4 Rd8 25.Kh1
Bh4 26.Re2 Bf6 27.Nf3 Nb3 28.Nd2 Nxd2 29.Bxd2 Be7 30.Bc1 f5 31.Rde1
Bh4 32.g3 Bf6 33.Kg1 Bc6 34.e5 dxe5 35.Nxe5 Bxe5 36.Rxe5 Re4
37.Kf2 Kf7 38.R5xe4 Bxe4 39.Be3 Rd7 40.Bd4 g6 41.Rh1 Bc2 42.Ke3
Rd8 43.Kd2 Bb3 1/2-1/2

[Event "Êîìàíäíîå ïåð-âî ÐÔ 2012 ã. ïî êëàññè÷åñêèì øàõìàòàì "]
[Site "Ðûáèíñê"]
[Date "2012.08.05"]
[Round "4.74"]
[White "Ìàêàðåíêî Àëåêñàíäðà "]
[Black "Ëåæåïåêîâà Âåðîíèêà "]
[Result "0-1"]
[WhiteElo "2123"]
[BlackElo "2124"]
[Annotator ""]
[Source ""]
[Remark ""]

1.e4 c5 2.Nf3 Nc6 3.d4 cxd4 4.Nxd4 e5 5.Nb5 d6 6.c4 Be7 7.N1c3
a6 8.Na3 Be6 9.Be2 Rc8 10.O-O Nf6 11.Be3 O-O 12.Qd3 Ng4 13.Bxg4
Bxg4 14.Nd5 f5 15.f3 fxe4 16.fxe4 Qe8 17.b4 Nd8 18.b5 Ne6 19.Rxf8+
Bxf8 20.Rf1 Bh5 21.bxa6 bxa6 22.Nc2 Bg6 23.Nb6 Rb8 24.Nb4 a5
25.N4d5 Be7 26.Nxe7+ Qxe7 27.Qd5 Kh8 28.Rd1 Rd8 29.a4 h6 30.Qxa5
Bxe4 31.Qd2 Qb7 32.a5 Nf4 33.Bxf4 exf4 34.Qxf4 Bxg2 35.Rd2 Bc6
36.Re2 Qa7 37.Qh4 Rf8 38.Qe7 Qb8 39.Qh4 Rf6 40.Re3 Qf8 41.Qe1
Rg6+ 42.Rg3 Rf6 43.Nd5 Rf5 44.Re3 Qf7 45.Ne7 Rg5+ 46.Rg3 Re5
47.Re3 Qxe7 48.Rxe5 Qxe5 49.Qb1 Qc5+ 50.Kf1 Qxc4+ 51.Kf2 Qc5+ 0-1

[Event "Êîìàíäíîå ïåð-âî ÐÔ 2012 ã. ïî êëàññè÷åñêèì øàõìàòàì "]
[Site "Ðûáèíñê"]
[Date "2012.08.05"]
[Round "4.81"]
[White "Ãîðáóøèí Ìàêñèì "]
[Black "Êóðçþêîâ Àíäðåé "]
[Result "1/2-1/2"]
[WhiteElo "2200"]
[BlackElo "2191"]
[Annotator ""]
[Source ""]
[Remark ""]

1.c4 c5 2.g3 Nf6 3.Bg2 e6 4.Nf3 d5 5.O-O Nc6 6.d4 Be7 7.cxd5
exd5 8.Nc3 O-O 9.Bg5 Be6 10.dxc5 Bxc5 11.Rc1 Be7 12.Nd4 Nxd4
13.Qxd4 h6 14.Bxf6 Bxf6 15.Qb4 d4 16.Ne4 Be7 17.Qxb7 Rb8 18.Qxa7
Rxb2 19.a4 Rxe2 20.Rcd1 d3 21.Qa6 Ra2 22.Rxd3 Rxa4 23.Qxa4 Qxd3
24.Qa7 Bb4 25.Qa4 Be7 26.Qa7 Bb4 27.Qa4 Be7 28.Qa7 1/2-1/2

[Event "Êîìàíäíîå ïåð-âî ÐÔ 2012 ã. ïî êëàññè÷åñêèì øàõìàòàì "]
[Site "Ðûáèíñê"]
[Date "2012.08.05"]
[Round "4.82"]
[White "Ãëàäêîâ Äìèòðèé "]
[Black "Ïîâîëîöêèé Åâãåíèé "]
[Result "0-1"]
[WhiteElo "1989"]
[BlackElo "2049"]
[Annotator ""]
[Source ""]
[Remark ""]

1.e4 c5 2.c3 d5 3.exd5 Qxd5 4.d4 Nc6 5.Nf3 e6 6.Be3 cxd4 7.cxd4
Nf6 8.Nc3 Qd6 9.Be2 Be7 10.O-O O-O 11.Rc1 a6 12.Na4 Nd5 13.a3
Rd8 14.b4 b6 15.Qb3 Bb7 16.Rfd1 Rac8 17.Nb2 Qb8 18.Nc4 Bf6 19.b5
axb5 20.Qxb5 Qa7 21.Nfe5 Nxe3 22.fxe3 Nxe5 23.dxe5 Bg5 24.Kf2
Rxd1 25.Rxd1 Ba6 26.Qxb6 Qxb6 27.Nxb6 Rc2 28.Re1 Bd8 29.Na4 Ba5
30.Rb1 Rxe2+ 31.Kf3 g5 32.Nc5 Bc4 33.Rc1 g4+ 34.Kxg4 Bd5 35.Nd7
Rxg2+ 36.Kh3 Rg5 37.Kh4 h6 38.e4 Bb3 39.Nc5 Ba2 40.Rc2 Bb1 41.Rc1
Rxe5 42.Nd7 Rxe4+ 0-1

[Event "Êîìàíäíîå ïåð-âî ÐÔ 2012 ã. ïî êëàññè÷åñêèì øàõìàòàì "]
[Site "Ðûáèíñê"]
[Date "2012.08.05"]
[Round "4.83"]
[White "Ñîôüèí Ïàâåë "]
[Black "Äèëìóõàìåòîâ Àðòóð "]
[Result "1-0"]
[WhiteElo "2071"]
[BlackElo "2078"]
[Annotator ""]
[Source ""]
[Remark ""]

1.e4 e6 2.d4 d5 3.e5 c5 4.c3 Qb6 5.Nf3 Nc6 6.a3 Nh6 7.b4 cxd4
8.cxd4 Nf5 9.Bb2 Bd7 10.Be2 Be7 11.O-O O-O 12.Qd2 Rac8 13.Bc3
a6 14.g4 Nh4 15.Nxh4 Bxh4 16.Qe3 Qd8 17.Nd2 f6 18.exf6 Bxf6 19.Nb3
Bg5 20.f4 Be7 21.Nc5 Bxc5 22.dxc5 Qh4 23.Bf3 h5 24.Ra2 hxg4 25.Rg2
Rf7 26.Bxg4 Qh6 27.Rf3 e5 28.Bxe5 d4 29.Qd3 Nxe5 30.fxe5 Bb5
31.Qd2 Rxf3 32.Bxf3 Qh4 33.Rg4 Qh3 34.Bd5+ Kh8 35.Qf4 1-0

[Event "Êîìàíäíîå ïåð-âî ÐÔ 2012 ã. ïî êëàññè÷åñêèì øàõìàòàì "]
[Site "Ðûáèíñê"]
[Date "2012.08.05"]
[Round "4.84"]
[White "Àáäóëèíà Áåëëà "]
[Black "Êðîòþê Äàðüÿ "]
[Result "0-1"]
[WhiteElo "1776"]
[BlackElo "1874"]
[Annotator ""]
[Source ""]
[Remark ""]

1.e4 c5 2.Nf3 a6 3.d4 cxd4 4.Nxd4 e5 5.Nf3 Nf6 6.Nc3 Bb4 7.Bd2
d6 8.Nd5 Nxd5 9.exd5 Bxd2+ 10.Nxd2 O-O 11.Be2 f5 12.c4 Nd7 13.O-O
Qg5 14.Rc1 Nf6 15.Rc3 f4 16.Bd3 Kh8 17.Re1 Bh3 18.Bf1 Bf5 19.Bd3
Bd7 20.Ne4 Qh4 21.g3 Qh6 22.Nxf6 Rxf6 23.Bf1 Raf8 24.Rc2 Bh3 0-1

[Event "Êîìàíäíîå ïåð-âî ÐÔ 2012 ã. ïî êëàññè÷åñêèì øàõìàòàì "]
[Site "Ðûáèíñê"]
[Date "2012.08.05"]
[Round "4.91"]
[White "Äåíèñîâ Âëàäèñëàâ "]
[Black "Ìàì÷åíêî Ñåðãåé "]
[Result "0-1"]
[WhiteElo "2110"]
[BlackElo "1980"]
[Annotator ""]
[Source ""]
[Remark ""]

1.e4 e6 2.d4 d5 3.Nd2 Be7 4.Bd3 Nf6 5.e5 Nfd7 6.c3 c5 7.Ne2 Nc6
8.O-O cxd4 9.cxd4 Qb6 10.Nb3 Nf8 11.Kh1 Bd7 12.Bd2 a5 13.a4 Nb4
14.Bxb4 Bxb4 15.f4 g6 16.Nc3 O-O-O 17.Na2 Kb8 18.Bb5 Be7 19.Nac1
Bc6 20.Bxc6 bxc6 21.Nd3 Nd7 22.Rf3 Ka7 23.Rc1 Rb8 24.Rc3 Rhc8
25.Qc2 Bb4 26.Nxb4 axb4 27.Rce3 c5 28.dxc5 Nxc5 29.a5 Qb5 30.Nd4
Qc4 31.Qxc4 dxc4 32.h3 Ka6 33.Rf1 Kxa5 34.Rd1 Nd3 35.Ra1+ Kb6
36.b3 Nxf4 37.Rf3 Nd3 38.Rxf7 Nxe5 39.Rxh7 cxb3 40.Nxb3 Rc3 41.Rb1
Rd8 42.Re7 Rd6 43.Kh2 Nc6 44.Rf7 e5 45.Rf2 Kb5 46.Nd2 Rc2 47.Ne4
Rxf2 48.Nxf2 Rd4 49.Kg3 Ka4 50.Kf3 b3 51.Ke3 Ka3 52.Nd3 Ka2 53.Rb2+
Ka3 54.Rb1 Nb4 55.Nxe5 Nc2+ 56.Kf3 b2 57.Nxg6 Ka2 58.Rxb2+ Kxb2
59.g4 Rd3+ 60.Kg2 Kc3 61.h4 Kd4 62.h5 Ne1+ 63.Kf2 Nf3 64.Nf4
Ra3 65.Kg3 Ke5 66.Ng6+ Kf6 67.Kf4 Ne5 0-1

[Event "Êîìàíäíîå ïåð-âî ÐÔ 2012 ã. ïî êëàññè÷åñêèì øàõìàòàì "]
[Site "Ðûáèíñê"]
[Date "2012.08.05"]
[Round "4.92"]
[White "Êðàñîâñêèé Ñâÿòîñëàâ "]
[Black "Ïàÿíèäè ßíèñ "]
[Result "0-1"]
[WhiteElo "1995"]
[BlackElo "2096"]
[Annotator ""]
[Source ""]
[Remark ""]

1.c4 Nf6 2.Nc3 g6 3.g3 Bg7 4.Bg2 d6 5.Nf3 O-O 6.O-O Nc6 7.Rb1
e5 8.d3 Be6 9.b4 Qd7 10.b5 Ne7 11.Ng5 c6 12.Nxe6 fxe6 13.bxc6
bxc6 14.Ba3 Rab8 15.Qa4 Qc7 16.Rb3 Rxb3 17.axb3 Rb8 18.Ra1 Ne8
19.e3 Bf8 20.b4 Rd8 21.b5 c5 22.Ne4 Nc8 23.Bh3 Qe7 24.Qd1 Ng7
25.Qg4 Nf5 26.Ng5 h5 27.Qe4 Qxg5 28.f4 Qe7 29.Bb2 exf4 30.gxf4
Bg7 31.Bxg7 Kxg7 32.Kh1 Qf6 33.Rg1 Kh8 34.Rg5 d5 35.Qf3 dxc4
36.dxc4 Ncd6 37.e4 Nd4 38.Qe3 Nxc4 39.Qc1 Nf3 40.Rxc5 Nb2 41.Rc8
Rxc8 42.Qxc8+ Kh7 43.Bxe6 Nd3 44.Qg8+ Kh6 45.e5 Nfxe5 46.Kg2 0-1

[Event "Êîìàíäíîå ïåð-âî ÐÔ 2012 ã. ïî êëàññè÷åñêèì øàõìàòàì "]
[Site "Ðûáèíñê"]
[Date "2012.08.05"]
[Round "4.93"]
[White "Ãëóøêîâ Ëåâ "]
[Black "Óôèìöåâ Åãîð "]
[Result "1-0"]
[WhiteElo "1987"]
[BlackElo "1911"]
[Annotator ""]
[Source ""]
[Remark ""]

1.e4 c5 2.Nf3 e6 3.d4 cxd4 4.Nxd4 a6 5.Bd3 Qb6 6.Nb3 Nc6 7.Be3
Qc7 8.O-O Nf6 9.f4 d6 10.c4 Nb4 11.Nc3 Nxd3 12.Qxd3 Bd7 13.Bd4
e5 14.fxe5 dxe5 15.Qg3 Ng4 16.Nd5 Qb8 17.Bb6 Bd6 18.c5 O-O 19.cxd6 1-0

[Event "Êîìàíäíîå ïåð-âî ÐÔ 2012 ã. ïî êëàññè÷åñêèì øàõìàòàì "]
[Site "Ðûáèíñê"]
[Date "2012.08.05"]
[Round "4.94"]
[White "Ìåäâåäåâà Àííà "]
[Black "Èâàíîâà Êàðèíà "]
[Result "1-0"]
[WhiteElo "1988"]
[BlackElo "1970"]
[Annotator ""]
[Source ""]
[Remark ""]

1.e4 c6 2.d4 d5 3.Nc3 dxe4 4.Nxe4 Bf5 5.Ng3 Bg6 6.f4 e6 7.Nf3
Nd7 8.Bd3 Ngf6 9.O-O Bxd3 10.Qxd3 Bd6 11.f5 Qe7 12.fxe6 fxe6
13.Re1 Bxg3 14.hxg3 O-O-O 15.Bf4 h6 16.Re2 g5 17.Be5 g4 18.Nh4
Nxe5 19.Rxe5 Nd7 20.Re2 Qd6 21.Rae1 Rhe8 22.Kh2 h5 23.c3 c5 24.Nf5
Qf8 25.Rxe6 Rxe6 26.Rxe6 cxd4 27.Nxd4 Nc5 28.Qc4 Kb8 29.Re2 Rc8
30.Qd5 Qh8 31.Nf5 Qd8 32.Nd6 Qd7 33.b4 Na6 34.Qe5 Nc7 35.Nxc8
Qxc8 36.Rf2 b6 37.Rf7 Kb7 38.a4 a6 39.Qd6 1-0

[Event "Êîìàíäíîå ïåð-âî ÐÔ 2012 ã. ïî êëàññè÷åñêèì øàõìàòàì "]
[Site "Ðûáèíñê"]
[Date "2012.08.05"]
[Round "4.101"]
[White "Ãîðäèåâñêèé Äìèòðèé "]
[Black "Çóáêîâ Âñåâîëîä "]
[Result "1-0"]
[WhiteElo "2437"]
[BlackElo "1928"]
[Annotator ""]
[Source ""]
[Remark ""]

1.Nf3 d5 2.c4 c6 3.e3 Nf6 4.Nc3 e6 5.b3 Bd6 6.Bb2 Qe7 7.Be2 O-O
8.O-O Rd8 9.Rc1 Nbd7 10.Qc2 Nf8 11.d4 Bd7 12.e4 dxe4 13.Nxe4
Nxe4 14.Qxe4 Ba3 15.Bxa3 Qxa3 16.Qe3 Be8 17.c5 Qa5 18.Ne5 Qc7
19.Nc4 Ng6 20.Nd6 Ne7 21.Bd3 g6 22.Qg3 Qb8 23.Qg5 Rxd6 24.cxd6
Qxd6 25.Qc5 Qd7 26.Be4 Qd8 27.Rfe1 Qd7 28.g3 Qd8 29.h4 f6 30.Rc3
Bf7 31.Rf3 Kg7 32.h5 gxh5 33.Rxf6 Nf5 34.Rxf7+ Kxf7 35.Bxf5 exf5
36.Qxf5+ Qf6 37.Qxh7+ Kf8 38.Re4 1-0

[Event "Êîìàíäíîå ïåð-âî ÐÔ 2012 ã. ïî êëàññè÷åñêèì øàõìàòàì "]
[Site "Ðûáèíñê"]
[Date "2012.08.05"]
[Round "4.102"]
[White "Ìåëüíèêîâ Ïåòð "]
[Black "Ïóñòîâîéòîâà Äàðüÿ "]
[Result "0-1"]
[WhiteElo "1878"]
[BlackElo "2294"]
[Annotator ""]
[Source ""]
[Remark ""]

1.e4 c6 2.c4 d5 3.exd5 cxd5 4.cxd5 Nf6 5.Qa4+ Nbd7 6.Nc3 g6 7.Nf3
Bg7 8.Bc4 O-O 9.d3 a6 10.Qa3 Nb6 11.Qb3 Nxc4 12.dxc4 b5 13.O-O
bxc4 14.Qxc4 e6 15.Rd1 exd5 16.Nxd5 Nxd5 17.Rxd5 Qb6 18.Be3 Qxb2
19.Bd4 Bxd4 20.Qxd4 Rb8 21.Qxb2 Rxb2 22.Rd2 Rxd2 23.Nxd2 Be6
24.h3 Rc8 25.a3 Kf8 26.Ne4 h6 27.Rb1 Rc4 28.Rb8+ Kg7 29.Nd6 Ra4
30.Ra8 Kf6 31.f3 Rxa3 32.Ne4+ Ke5 33.Nc5 Bc4 34.Ne4 Bd5 35.Re8+
Kf4 36.Kf2 Ra2+ 37.Kg1 Rc2 38.Nf2 a5 39.Rd8 Bc6 40.Rd4+ Ke3 41.Rd3+
Ke2 42.Rd1 a4 43.Ra1 a3 44.Rxa3 Rc1+ 45.Kh2 Kxf2 46.Ra2+ Ke3
47.Kg3 h5 48.Ra3+ Kd4 49.Ra7 Bd5 50.Kf4 Rc2 51.Ra4+ Kc5 52.g4
hxg4 53.Ra5+ Kd6 54.fxg4 Rc3 55.h4 f6 56.Ra6+ Bc6 57.h5 Rf3# 0-1